Finanční řízení hotelů
Saved in:
| Main Author | |
|---|---|
| Other Authors | |
| Format | Electronic eBook |
| Language | Czech |
| Published |
Wolters Kluwer
2022
|
| Edition | 1. elektronické vydání |
| Subjects | |
| Online Access | Dostupné v BOOKPORT po přihlášení pomocí eduID |
| ISBN | 978-80-7676-524-5 978-80-7676-523-8 |
| Physical Description | 1 online zdroj (288 stran) |
| LEADER | 00000nam a2200000 i 4500 | ||
|---|---|---|---|
| 001 | bkp802187795 | ||
| 003 | CZ-prgp | ||
| 005 | 20221111113034.0 | ||
| 006 | m o d | ||
| 007 | cr cn | ||
| 008 | 221111s2022 xr o 000 0 cze | ||
| 020 | |a 978-80-7676-524-5 |c 620 Kč |q (online ; epub) | ||
| 020 | |a 978-80-7676-523-8 |c 729 Kč |q (print) | ||
| 040 | |a Grada |b cze |e rda | ||
| 100 | 1 | |a Hana, Březinová | |
| 245 | 1 | 0 | |a Finanční řízení hotelů |c Březinová Hana, Horáková Vladana |
| 250 | |a 1. elektronické vydání | ||
| 264 | 1 | |b Wolters Kluwer |c 2022 | |
| 300 | |a 1 online zdroj (288 stran) | ||
| 336 | |a text |b txt |2 rdacontent | ||
| 337 | |a počítač |b c |2 rdamedia | ||
| 338 | |a online zdroj |b cr |2 rdacarrier | ||
| 520 | 3 | |a Odborné publikace Hany Březinové jsou známé prolnutím teoretických a právních rámců s praktickými řešeními, postupy a konkrétní realizací v dané oblasti praxe. V případě hotelů bylo potřeba se na tyto objekty podívat ne z pozice hosta, ale z pozice manažera. Co potřebuje vědět, znát a získat za data a informace, aby při finančním řízení dokázal hotelu prospět? Vladana Horáková, která je nominována v rámci Asociace hotelů a restaurací na hoteliérku roku 2022 za Golden Apple Hotels se prakticky snaží pozitivně ovlivňovat cestovní ruch i sektor služeb a umožnit udržitelnost a rozvoj v hotelnictví v komplikovaných dvacátých letech našeho století. Kniha Finanční řízení hotelů je prolnutím přístupů obou autorek. Na ekonomiku každého hotelu má velký vliv jeho organizační struktura, zda se jedná o samostatný hotel nebo hotelový řetězec, dále se projeví právní, politické a inflační vlivy. Nelze opomenout ekologii, rychle se měnící technologie i sociokulturní aspekty. K tomu je potřeba přidat ten nejdůležitější element, kterým je host. Cíl finančního řízení hotelu se rozdělí na proud vnější a vnitřní a podle toho je potřeba nastavit pravidla, metody, způsoby získávání a přenosu informací, jejich seskupování a vyústění do informačních výstupů potřebných pro manažerské a finanční řízení hotelu. Úspěšný manažer se v knize ponoří do systému kalkulací, rozpočetnictví, controllingu a hotelového reportingu. Než si zavolá externí spolupracovníky, jako jsou daňový poradce a auditor, seznámí se s účetními a daňovými specifiky hotelu a možnými kontrolními systémy. Svoje poznatky završí interním a externím auditem. | |
| 650 | 0 | 4 | |a Účetnictví |
| 700 | 1 | |a Horáková Vladana | |
| 856 | 4 | 0 | |u https://www.bookport.cz/AccountSaml/SignIn/?idp=https://shibboleth.utb.cz/idp/shibboleth&returnUrl=/kniha/financni-rizeni-hotelu-11150/ |y Dostupné v BOOKPORT po přihlášení pomocí eduID |